[Event "DEN-ch"]
[Site "Denmark"]
[Date "1986.??.??"]
[Round "1"]
[White "Sloth, Jorn"]
[Black "Ochsner, Thomas"]
[Result "0-1"]
[WhiteElo "2385"]
[BlackElo "2275"]
[PlyCount "102"]
[EventDate "1986.??.??"]
[EventType "tourn"]
[EventRounds "11"]
[EventCountry "DEN"]
[EventCategory "5"]
[Source "ChessBase"]
[SourceDate "1996.11.15"]

1. Nf3 Nf6 2. e3 b6 3. b3 Bb7 4. Bb2 e6 5. d4 d5 6. Nbd2 Bd6 7. Ne5 O-O 8. Bd3
Ne4 9. O-O f6 10. Nef3 Qe8 11. c4 Qh5 12. cxd5 exd5 13. Re1 Nd7 14. Nf1 Rae8
15. Rc1 c6 16. N3d2 Qh4 17. Qe2 f5 18. f3 Ng5 19. g3 Qh5 20. Qg2 Nh3+ 21. Kh1
g5 22. Re2 g4 23. f4 Qg6 24. Ree1 h5 25. Bc3 Re7 26. Nf3 Qe6 27. Ne5 Rg7 28.
Red1 Nf6 29. Be1 Bxe5 30. dxe5 Ne4 31. b4 Rc8 32. Qb2 c5 33. Bxe4 fxe4 34. bxc5
bxc5 35. Kg2 d4 36. Qa3 Rgc7 37. Ba5 Rc6 38. Rb1 Qc4 39. Rd2 Ba8 40. Qb3 Qxb3
41. axb3 Ra6 42. b4 Rb8 43. Rc1 cxb4 44. Bxb4 Rxb4 45. Rc8+ Kh7 46. e6 Bc6 47.
e7 Bb5 48. e8=Q Bxe8 49. Rxe8 d3 50. Re5 Kh6 51. Rc5 Rb1 0-1

[Event "DEN-ch"]
[Site "Denmark"]
[Date "1986.??.??"]
[Round "3"]
[White "Sorensen, Torben N"]
[Black "Kristiansen, Jens"]
[Result "1/2-1/2"]
[WhiteElo "2275"]
[BlackElo "2395"]
[PlyCount "33"]
[EventDate "1986.??.??"]
[EventType "tourn"]
[EventRounds "11"]
[EventCountry "DEN"]
[EventCategory "5"]
[Source "ChessBase"]
[SourceDate "1996.11.15"]

1. Nf3 c5 2. c4 g6 3. g3 Bg7 4. Bg2 Nc6 5. Nc3 Nf6 6. d4 cxd4 7. Nxd4 O-O 8.
O-O Nxd4 9. Qxd4 d6 10. Qd3 Rb8 11. Be3 Bf5 12. Qd2 a6 13. Ba7 Ra8 14. Bd4 Rb8
15. Ba7 Ra8 16. Bd4 Rb8 17. Ba7 1/2-1/2

[Event "DEN-ch"]
[Site "Denmark"]
[Date "1986.??.??"]
[Round "6"]
[White "Sorensen, Torben N"]
[Black "Berg, Klaus"]
[Result "1/2-1/2"]
[WhiteElo "2275"]
[BlackElo "2375"]
[PlyCount "33"]
[EventDate "1986.??.??"]
[EventType "tourn"]
[EventRounds "11"]
[EventCountry "DEN"]
[EventCategory "5"]
[Source "ChessBase"]
[SourceDate "1996.11.15"]

1. Nf3 Nf6 2. c4 e6 3. g3 a6 4. Bg2 b5 5. b3 Bb7 6. O-O Be7 7. Bb2 O-O 8. d3 c5
9. Nbd2 d6 10. d4 Nbd7 11. Rc1 Qb6 12. Qc2 Rac8 13. Qb1 Qa7 14. Rfd1 cxd4 15.
Bxd4 Qa8 16. Qa1 Rfd8 17. Ne1 1/2-1/2

[Event "DEN-ch"]
[Site "Denmark"]
[Date "1986.??.??"]
[Round "8"]
[White "Sorensen, Torben N"]
[Black "Mortensen, Erling"]
[Result "0-1"]
[WhiteElo "2275"]
[BlackElo "2420"]
[PlyCount "60"]
[EventDate "1986.??.??"]
[EventType "tourn"]
[EventRounds "11"]
[EventCountry "DEN"]
[EventCategory "5"]
[Source "ChessBase"]
[SourceDate "1996.11.15"]

1. Nf3 g6 2. c4 Bg7 3. d4 d6 4. Nc3 Nd7 5. e4 e5 6. Be2 c6 7. O-O Nh6 8. Re1
O-O 9. Bf1 Qe7 10. Rb1 Kh8 11. h3 f5 12. exf5 gxf5 13. dxe5 dxe5 14. Bf4 Nf7
15. Qc2 Qf6 16. Bh2 e4 17. Nd2 Nde5 18. Be2 Ng5 19. Kh1 Qh6 20. Rf1 f4 21.
Ncxe4 f3 22. Nxf3 Ngxf3 23. gxf3 Nxf3 24. Bxf3 Rxf3 25. Ng3 Bxh3 26. Rfd1 Raf8
27. Rd2 Rxg3 28. fxg3 Bf5 29. Rd3 Be4+ 30. Kg1 Bd4+ 0-1

[Event "DEN-ch"]
[Site "Denmark"]
[Date "1986.??.??"]
[Round "10"]
[White "Sorensen, Torben N"]
[Black "Ochsner, Thomas"]
[Result "1-0"]
[WhiteElo "2275"]
[BlackElo "2275"]
[PlyCount "141"]
[EventDate "1986.??.??"]
[EventType "tourn"]
[EventRounds "11"]
[EventCountry "DEN"]
[EventCategory "5"]
[Source "ChessBase"]
[SourceDate "1996.11.15"]

1. c4 Nf6 2. Nf3 e6 3. g3 b6 4. Bg2 Bb7 5. O-O Be7 6. Nc3 O-O 7. Re1 d5 8. cxd5
exd5 9. d4 a6 10. Bf4 c5 11. dxc5 Bxc5 12. Na4 Bb4 13. Bd2 Be7 14. Be3 Nbd7 15.
Rc1 b5 16. Nc5 Nxc5 17. Bxc5 Bxc5 18. Rxc5 Qb6 19. Qd4 Rfe8 20. Rec1 Qa5 21.
Rc7 Rac8 22. Qc3 Qxc3 23. R1xc3 Ne4 24. Rc2 Kf8 25. Nd4 Rxc7 26. Rxc7 Re7 27.
Rc2 g6 28. Kf1 Ke8 29. Ke1 Kd7 30. Bxe4 dxe4 31. Kd2 e3+ 32. fxe3 Re5 33. Nf3
Rh5 34. Ke1 Be4 35. Rd2+ Ke7 36. h4 Rc5 37. Ng5 Bb1 38. a3 h6 39. Nf3 Be4 40.
Rd4 f5 41. Nd2 Rc1+ 42. Kf2 Bc6 43. Nf3 Ke6 44. Rd8 Bxf3 45. Kxf3 Rf1+ 46. Kg2
Rb1 47. Ra8 Rxb2 48. Rxa6+ Kf7 49. Kf3 Kg7 50. Ra7+ Kf6 51. Ra6+ Kg7 52. Re6
Rb3 53. Re7+ Kf6 54. Rb7 g5 55. h5 Rxa3 56. Rb6+ Kg7 57. Rxb5 Kf6 58. Rb6+ Kg7
59. Rb7+ Kf6 60. Rb6+ Kg7 61. Rg6+ Kh7 62. Rf6 Ra5 63. Re6 Kg7 64. e4 Ra3+ 65.
e3 fxe4+ 66. Kxe4 Ra1 67. Rg6+ Kh7 68. Rd6 Rg1 69. Rd7+ Kg8 70. Kf3 Rf1+ 71.
Kg4 1-0

[Event "DEN-ch"]
[Site "Denmark"]
[Date "1986.??.??"]
[Round "4"]
[White "Sorensen, Torben N"]
[Black "Fries Nielsen, Jens Ove"]
[Result "1/2-1/2"]
[WhiteElo "2275"]
[BlackElo "2385"]
[PlyCount "21"]
[EventDate "1986.??.??"]
[EventType "tourn"]
[EventRounds "11"]
[EventCountry "DEN"]
[EventCategory "5"]
[Source "ChessBase"]
[SourceDate "1996.11.15"]

1. Nf3 Nf6 2. g3 g6 3. Bg2 Bg7 4. O-O O-O 5. d4 d6 6. b3 a5 7. a4 Na6 8. Bb2
Bf5 9. Nbd2 c6 10. Re1 d5 11. Ne5 1/2-1/2